| 000 | 00530nam a2200193Ia 4500 | ||
|---|---|---|---|
| 003 | OSt | ||
| 005 | 20220810122219.0 | ||
| 008 | 220810b |||||||| |||| 00| 0 eng d | ||
| 020 | _a978120323933 | ||
| 040 | _cIFM Library | ||
| 082 | _a004.42 | ||
| 100 | _aNIIT | ||
| 245 | _aIntroduction to Operating Systems | ||
| 260 |
_aNew Delhi: _bPHI Learning private Limited. _c2003 |
||
| 300 | _aix,345p. :ill.; 24cm. | ||
| 500 | _aIncludes bibliographical references and index | ||
| 650 | _aNetwork Managment | ||
| 942 |
_cBK _2ddc _n0 |
||
| 999 |
_c12107 _d12107 |
||